[Event "OGOLNOPOLSKA OLIMPIADA MLODZIEZY<br/>MISTRZOSTWA POLSKI JUNIOROW 2016 - C12"]
[Site "Olecko"]
[Date "2016-05-07"]
[Round "6.5"]
[White "Turski, Bartlomiej"]
[Black "Suder, Jakub"]
[Result "0-1"]
[WhiteTitle "I"]
[BlackTitle "I"]
[WhiteElo "1704"]
[BlackElo "1763"]

1. e4 e6 2. d4 d5 3. e5 c5 4. c3 Nc6 5. Nf3 Bd7 6. a3 f6 7. exf6 Nxf6 8. Bd3 Bd6
9. O-O O-O 10. b4 c4 11. Bc2 a6 12. Bg5 Qc7 13. Nbd2 e5 14. dxe5 Nxe5 15. Nd4
Neg4 16. h3 Bh2+ 17. Kh1 Bg1 18. f4 Ne3 19. Qe2 Nxf1 20. Kxg1 Nxd2 21. Qxd2 Ne4
22. Bxe4 dxe4 23. Rf1 Rae8 24. Qe3 Qd6 25. Bh4 b5 26. g4 Bc8 27. f5 Rf7 28. Kg2
Ref8 29. Rf2 h6 30. Bg3 Qb6 31. Kh2 Bb7 32. h4 Bd5 33. h5 Qf6 34. Kh3 Rb7 35.
Bh4 Qe5 36. Bg3 Qf6 37. Bh4 Qe5 38. Bg3 Qe8 39. Bh4 Kh7 40. f6 g6 41. hxg6+ Qxg6
42. Rf5 Rd7 43. Rh5 Bf7 44. Nf5 Rd3 45. Qxd3 exd3 46. Bg5 Qxh5+ 0-1

[Event "OGOLNOPOLSKA OLIMPIADA MLODZIEZY<br/>MISTRZOSTWA POLSKI JUNIOROW 2016 - C12"]
[Site "Olecko"]
[Date "2016-05-07"]
[Round "6.6"]
[White "Redzisz, Michal"]
[Black "Bachor, Tomasz"]
[Result "1/2-1/2"]
[WhiteTitle "II"]
[BlackTitle "II+"]
[WhiteElo "1750"]
[BlackElo "1742"]

1. e4 c6 2. d4 d5 3. exd5 cxd5 4. Bd3 Nc6 5. c3 Nf6 6. Bf4 Bg4 7. Qb3 Qc8 8. Nd2
e6 9. Ngf3 Be7 10. O-O O-O 11. Qc2 Bh5 12. Ne5 Bd6 13. Nxc6 Qxc6 14. Bg5 Bg6 15.
Bxg6 hxg6 16. Bxf6 gxf6 17. Rae1 b5 18. Re3 Kg7 19. Qd3 Rh8 20. g3 a5 21. Rc1
Rac8 22. Ree1 Rc7 23. Rc2 Rhc8 24. Rec1 Qb6 25. Kf1 Qb7 26. Kg1 Qb6 27. Kf1 Qb7
28. Kg1 Qb6 29. Kf1 Qb7 30. Kg1 Qb6 31. Kf1 Qb7 32. Kg1 Qb6 33. Kf1 Qb7 34. Kg1
1/2-1/2

[Event "OGOLNOPOLSKA OLIMPIADA MLODZIEZY<br/>MISTRZOSTWA POLSKI JUNIOROW 2016 - C12"]
[Site "Olecko"]
[Date "2016-05-07"]
[Round "6.7"]
[White "Czernek, Tymon"]
[Black "Wolaniecki, Patryk"]
[Result "1-0"]
[WhiteTitle "I"]
[BlackTitle "I"]
[WhiteElo "1895"]
[BlackElo "1585"]

1. Nf3 Nf6 2. c4 e6 3. Nc3 Bb4 4. Qc2 O-O 5. a3 Be7 6. e3 d5 7. d4 c6 8. cxd5 exd5
9. Bd3 Bd6 10. Ng5 h6 11. Nf3 Re8 12. h3 Nbd7 13. g4 c5 14. dxc5 Nxc5 15. b4 Nxd3+
16. Qxd3 b6 17. Bb2 Bb7 18. Nd4 Rc8 19. Rg1 Nd7 20. Ncb5 Ne5 21. Qb3 a6 22. Nxd6
Qxd6 23. Rg3 Qf6 24. Nf5 Nd3+ 25. Qxd3 Qxb2 26. Rd1 Qf6 27. Qd4 Qxd4 28. Rxd4
Rcd8 29. g5 Bc8 30. Nh4 Re6 31. Ng2 hxg5 32. Rxg5 Red6 33. Nf4 Be6 34. h4 R8d7
35. Nh5 Kh8 36. Rxg7 Rc7 37. Rg5 Rc1+ 38. Ke2 Rc2+ 39. Rd2 Rc3 40. Nf6 Rd8 41.
h5 d4 42. Rxd4 Bc4+ 43. Kd2 Rd3+ 44. Rxd3 Bxd3 45. Kc3 Bh7 46. Nxh7 Kxh7 47. Rg4
f6 48. Rd4 Rc8+ 49. Rc4 Rb8 50. Rc6 Kg7 51. e4 a5 52. b5 Rb7 53. Kd3 Rb8 54. Ke3
Rb7 55. Kf4 f5 56. Kxf5 1-0

[Event "OGOLNOPOLSKA OLIMPIADA MLODZIEZY<br/>MISTRZOSTWA POLSKI JUNIOROW 2016 - C12"]
[Site "Olecko"]
[Date "2016-05-07"]
[Round "6.8"]
[White "Fiedorek, Michal"]
[Black "Luczak, Filip"]
[Result "0-1"]
[WhiteTitle "I"]
[BlackTitle "I"]
[WhiteElo "1783"]
[BlackElo "1662"]

1. e4 c5 2. Nf3 d6 3. d4 Nf6 4. Nc3 cxd4 5. Nxd4 a6 6. g3 b5 7. Bg2 Bb7 8. O-O
Nbd7 9. a4 b4 10. Nd5 e5 11. Nf5 Nxd5 12. exd5 g6 13. Nh6 Bg7 14. a5 Qe7 15. Re1
Qf8 16. Ng4 f5 17. Ne3 Qf6 18. Qd2 b3 19. Qb4 Nc5 20. Nc4 O-O 21. Be3 Rac8 22.
Bxc5 Rxc5 23. Qxb7 Rxc4 24. Qxb3 Rfc8 25. c3 f4 26. Bf1 fxg3 27. hxg3 Rg4 28.
Bxa6 Qf3 29. Qc2 Rf8 30. Qe2 Qf5 31. Bb5 e4 32. a6 Be5 33. Qe3 Bf4 34. Qxe4 Qh5
35. Qh1 Qg5 36. Bd7 Bxg3 37. Bxg4 Bxf2+ 38. Kf1 Qxg4 39. Re2 Bh4+ 0-1

[Event "OGOLNOPOLSKA OLIMPIADA MLODZIEZY<br/>MISTRZOSTWA POLSKI JUNIOROW 2016 - C12"]
[Site "Olecko"]
[Date "2016-05-07"]
[Round "6.9"]
[White "Majewski, Krzysztof"]
[Black "Norek, Bartosz"]
[Result "1-0"]
[WhiteTitle "II"]
[BlackTitle "II+"]
[WhiteElo "1492"]
[BlackElo "1687"]

1. e4 c5 2. Nf3 d6 3. d4 cxd4 4. Nxd4 Nf6 5. Nc3 a6 6. Be2 e6 7. Be3 Be7 8. Qd2
Nc6 9. f3 Qc7 10. a3 Bd7 11. Kf2 d5 12. Bd3 e5 13. Nxc6 bxc6 14. Bg5 Be6 15. b3
dxe4 16. Nxe4 Nxe4+ 17. Bxe4 Bc5+ 18. Be3 Bxe3+ 19. Qxe3 f5 20. Bd3 O-O 21. Rhe1
e4 22. Be2 Qxh2 23. Rh1 Qd6 24. a4 exf3 25. gxf3 f4 26. Qc3 Rf6 27. Rae1 Bd5 28.
Bd3 Rh6 29. Reg1 Ra7 30. Qd4 c5 31. Rxh6 g6 32. Qc3 Qe7 33. Bc4 Rd7 34. Rhh1 Bxc4
35. Qxc4+ Kf8 36. Qxf4+ Kg7 37. Re1 Qd8 38. Qe5+ Kf7 39. Rxh7+ 1-0

[Event "OGOLNOPOLSKA OLIMPIADA MLODZIEZY<br/>MISTRZOSTWA POLSKI JUNIOROW 2016 - C12"]
[Site "Olecko"]
[Date "2016-05-07"]
[Round "6.10"]
[White "Lichorad, Mateusz"]
[Black "Panek, Bartosz"]
[Result "1/2-1/2"]
[WhiteTitle "II"]
[BlackTitle "II"]
[WhiteElo "1644"]
[BlackElo "1473"]

1. e4 e5 2. Nf3 Nc6 3. Bb5 Nge7 4. O-O g6 5. d4 exd4 6. Nxd4 Bg7 7. c3 O-O 8. Be3
d5 9. exd5 Nxd4 10. Bxd4 Bxd4 11. Qxd4 Qxd5 12. Qxd5 Nxd5 13. Nd2 Be6 14. Ne4
c6 15. Ba4 b5 16. Bb3 Nf4 17. Bxe6 Nxe6 18. Rad1 Rad8 19. Rfe1 f5 20. Nd2 Nc5
21. Nf3 Rfe8 22. Rxe8+ Rxe8 23. Kf1 Ne4 24. Rd7 a5 25. g3 a4 26. h4 Rc8 27. Ne5
a3 28. bxa3 Nxc3 29. Rd2 Nd5 30. Nxc6 Ne3+ 31. fxe3 Rxc6 32. Rb2 Rc3 33. Rb3 Rc1+
34. Kf2 Rc2+ 35. Kf3 Rxa2 36. Rxb5 Rxa3 37. Rb7 Ra4 38. Re7 Rg4 39. Rd7 Rb4 40.
Re7 Rg4 41. Rd7 Rb4 42. Re7 Rg4 43. Ke4 1/2-1/2

[Event "OGOLNOPOLSKA OLIMPIADA MLODZIEZY<br/>MISTRZOSTWA POLSKI JUNIOROW 2016 - C12"]
[Site "Olecko"]
[Date "2016-05-07"]
[Round "6.11"]
[White "Kacprzak, Karol"]
[Black "Baum, Jonasz"]
[Result "0-1"]
[WhiteTitle "I"]
[BlackTitle "I"]
[WhiteElo "1556"]
[BlackElo "1857"]

1. e4 c5 2. Nf3 d6 3. d4 cxd4 4. Nxd4 Nf6 5. Nc3 a6 6. Be3 e6 7. g4 h6 8. h3 Nc6
9. Bg2 Ne5 10. Qe2 Qc7 11. O-O-O Nc4 12. f4 Nxe3 13. Qxe3 Be7 14. Kb1 Nd7 15.
h4 b5 16. g5 Nb6 17. f5 b4 18. Nce2 e5 19. Nf3 Nc4 20. Qd3 Bb7 21. Ng3 O-O-O 22.
gxh6 Rxh6 23. Ng5 Rxh4 24. Rxh4 Bxg5 25. Rh5 f6 26. Rdh1 Bf4 27. Ne2 Bh6 28. Ng3
Rh8 29. R5h3 Kb8 30. Nh5 Rf8 31. Rg3 Rf7 32. Rg1 Qc5 33. Bh1 Qc7 34. R3g2 a5 35.
Rg6 a4 36. b3 Na3+ 37. Kb2 Ba6 38. Rxh6 Bxd3 39. Rh8+ Ka7 40. Ra8+ Kxa8 41. Rg2
Qc3+ 42. Kc1 Qe1+ 43. Kb2 Qb1# 0-1

[Event "OGOLNOPOLSKA OLIMPIADA MLODZIEZY<br/>MISTRZOSTWA POLSKI JUNIOROW 2016 - C12"]
[Site "Olecko"]
[Date "2016-05-07"]
[Round "6.12"]
[White "Poltorak, Sebastian"]
[Black "Skurniak, Szymon"]
[Result "1-0"]
[WhiteTitle "II+"]
[BlackTitle "I"]
[WhiteElo "1623"]
[BlackElo "1694"]

1. d4 Nf6 2. c4 e6 3. Nc3 Bb4 4. Qc2 c5 5. dxc5 Bxc5 6. e3 b6 7. Nf3 Bb7 8. Be2
a6 9. a3 Qc7 10. h3 O-O 11. O-O Be7 12. b3 d6 13. Nd2 Nbd7 14. Bf3 d5 15. cxd5
Nxd5 16. Bxd5 Bxd5 17. Bb2 Rac8 18. Rac1 Qb7 19. Nxd5 Qxd5 20. Qxc8 Rxc8 21. Rxc8+
Bf8 22. Rc2 Nc5 23. b4 Nd3 24. Bd4 b5 25. Rc3 Nf4 26. exf4 Qxd4 27. Rc2 Qxf4 28.
Rfc1 h5 29. Nf1 g6 30. Rc8 Kg7 31. R1c6 a5 32. bxa5 Qa4 33. a6 Bxa3 34. R8c7 b4
35. a7 b3 36. Rb6 b2 37. Rb8 Bd6 38. Rd7 Bc5 39. Rxb2 Bxa7 40. Rbb7 Bd4 41. Rxf7+
Kh6 42. h4 g5 43. hxg5+ Kxg5 44. Rf3 h4 45. Rb8 Be5 46. Rg8+ Kh6 47. Re3 Qd4 48.
Re8 Qd5 49. Rh3 Qd7 50. Rg8 Bf6 51. Rg4 e5 52. Rb4 Kg6 53. Rf3 Qd6 54. Rg4+ Kh7
55. Ra4 Kg6 56. Ne3 Qc6 57. Rg4+ Kh7 58. Rf5 Kh6 59. Rc4 Qa6 60. Rxf6+ Qxf6 61.
Ng4+ Kg5 62. Nxf6 1-0

[Event "OGOLNOPOLSKA OLIMPIADA MLODZIEZY<br/>MISTRZOSTWA POLSKI JUNIOROW 2016 - C12"]
[Site "Olecko"]
[Date "2016-05-07"]
[Round "6.13"]
[White "Dolata, Marcin"]
[Black "Kabacinski, Krzysztof"]
[Result "0-1"]
[WhiteTitle "II"]
[BlackTitle "II"]
[WhiteElo "1345"]
[BlackElo "1636"]

1. e4 c5 2. Nc3 Nc6 3. g3 g6 4. Bg2 Bg7 5. d3 e6 6. Be3 Nd4 7. f4 Ne7 8. Nf3 d6
9. O-O O-O 10. a3 Rb8 11. Rb1 b5 12. Ne2 Nxe2+ 13. Qxe2 Nc6 14. Qf2 a5 15. e5
dxe5 16. Bxc5 exf4 17. Bxf8 Qxf8 18. c3 fxg3 19. Qxg3 h6 20. Nh4 Bb7 21. Nxg6
Qd8 22. Bxc6 Bxc6 23. Ne7+ Qxe7 24. Qxb8+ Kh7 25. Qf4 Qc5+ 26. Rf2 f5 27. Kf1
Qd5 28. Ke2 Qb3 29. Qd2 e5 30. Rxf5 e4 31. d4 Bd5 32. Ke3 Be6 33. Rc5 Bf6 34.
Rc7+ Kh8 35. Kf2 e3+ 36. Qxe3 Qc2+ 37. Kf3 Bd5+ 38. Kg3 Qg2+ 0-1

[Event "OGOLNOPOLSKA OLIMPIADA MLODZIEZY<br/>MISTRZOSTWA POLSKI JUNIOROW 2016 - C12"]
[Site "Olecko"]
[Date "2016-05-07"]
[Round "6.14"]
[White "Gorkiewicz, Mateusz"]
[Black "Bukala, Norbert"]
[Result "1-0"]
[WhiteTitle "II"]
[BlackTitle "II"]
[WhiteElo "1721"]
[BlackElo "1415"]

1. e4 e6 2. d4 d5 3. e5 c5 4. c3 Qb6 5. Nf3 Bd7 6. Bd3 Bb5 7. O-O Bxd3 8. Qxd3
Qa6 9. Qc2 Nc6 10. Be3 b6 11. Nbd2 Nh6 12. Bxh6 gxh6 13. Rfd1 Be7 14. Nf1 Rc8
15. Qd2 Kd7 16. dxc5 bxc5 17. Qxh6 Rcg8 18. Qf4 Rg7 19. Ng3 Rhg8 20. Qe3 Qb6 21.
Qe2 h5 22. Ne1 h4 23. Ne4 Kc8 24. Nd2 d4 25. Nc4 Qc7 26. Qe4 Rg4 27. Qe2 R4g5
28. Rac1 dxc3 29. Nd6+ Bxd6 30. exd6 Nd4 31. Qa6+ Qb7 32. d7+ Kb8 33. Qd6+ Qc7
34. Rxd4 cxd4 35. Qxd4 Rd5 36. Qxh4 Qxd7 37. Qf4+ Qc7 38. Qb4+ Qb7 39. Qxc3 Rc8
40. Qg3+ Ka8 41. Rxc8+ Qxc8 42. Qe3 Qd7 43. h4 Qe7 44. Qc3 Kb8 45. Nf3 Qd6 46.
g3 Qc5 47. Qh8+ Kb7 48. Qe8 Qc7 49. Ng5 Rd7 50. Qh8 Qd8 51. Qxd8 Rxd8 52. Nxf7
Rf8 53. Ng5 e5 54. Kg2 Kc6 55. g4 Kd7 56. Kg3 Rg8 57. Ne4 Ke6 58. h5 a5 59. b3
Rc8 60. Kh4 Rh8 61. f3 Rf8 62. h6 Kf7 63. Kh5 Kg8 64. Kg6 Rxf3 65. h7+ Kh8 66.
Ng5 Rf2 67. Nf7+ Rxf7 68. Kxf7 e4 69. g5 Kxh7 70. g6+ Kh6 71. g7 e3 72. g8=Q 1-0

[Event "OGOLNOPOLSKA OLIMPIADA MLODZIEZY<br/>MISTRZOSTWA POLSKI JUNIOROW 2016 - C12"]
[Site "Olecko"]
[Date "2016-05-07"]
[Round "6.15"]
[White "Czechowski, Jakub"]
[Black "Stolarski, Adam"]
[Result "0-1"]
[WhiteTitle "II"]
[BlackTitle "I"]
[WhiteElo "1652"]
[BlackElo "1733"]

1. e4 e5 2. Nf3 Nc6 3. Bc4 Bc5 4. c3 Nf6 5. d3 d6 6. O-O O-O 7. Nbd2 Bb6 8. a4
a6 9. Bb3 Ne7 10. Nc4 Ba7 11. Ne3 Ng6 12. Qc2 c6 13. Re1 h6 14. h3 Be6 15. Nf1
Bxf2+ 16. Qxf2 Bxb3 17. Ng3 Be6 18. Rf1 Nf4 19. Bxf4 exf4 20. Ne2 g5 21. h4 Ng4
22. Qe1 Ne3 23. Qd2 Nxf1 24. Rxf1 f6 25. Nfd4 Bg4 26. Nxf4 gxf4 27. Qxf4 Qd7 28.
Nf5 Bxf5 29. exf5 Kh7 0-1

[Event "OGOLNOPOLSKA OLIMPIADA MLODZIEZY<br/>MISTRZOSTWA POLSKI JUNIOROW 2016 - C12"]
[Site "Olecko"]
[Date "2016-05-07"]
[Round "6.16"]
[White "Trybus, Daniel"]
[Black "Oleksy, Krzysztof"]
[Result "1-0"]
[WhiteTitle "II+"]
[BlackTitle "I"]
[WhiteElo "1711"]
[BlackElo "1653"]

1. d4 Nf6 2. c4 g6 3. Nc3 Bg7 4. Nf3 O-O 5. e4 d6 6. Be3 Nbd7 7. Be2 e5 8. d5 a5
9. Qd2 Ng4 10. Bg5 f6 11. Bh4 Nc5 12. h3 Nh6 13. g4 g5 14. Nxg5 Nxg4 15. Nxh7
Bh6 16. Nxf6+ Kh8 17. Bg5 Nxf2 18. Rg1 Rxf6 19. Bxh6 Ncd3+ 20. Bxd3 Nxd3+ 21.
Kd1 Nxb2+ 22. Kc1 Nd3+ 23. Kb1 Rf2 24. Bg7+ Kg8 25. Qxf2 Nxf2 26. Bf6+ Kf7 27.
Bxd8 c6 28. Rf1 Ke8 29. Rxf2 Kxd8 30. Kc2 b5 31. dxc6 bxc4 32. Nd5 Bd7 33. cxd7
1-0

[Event "OGOLNOPOLSKA OLIMPIADA MLODZIEZY<br/>MISTRZOSTWA POLSKI JUNIOROW 2016 - C12"]
[Site "Olecko"]
[Date "2016-05-07"]
[Round "6.17"]
[White "Retz, Adrian"]
[Black "Ochedzan, Tymon"]
[Result "0-1"]
[WhiteTitle "II"]
[BlackTitle "II+"]
[WhiteElo "1387"]
[BlackElo "1664"]

1. e4 c5 2. Nf3 d6 3. d4 cxd4 4. Qxd4 Nc6 5. Bb5 Bd7 6. Bxc6 Bxc6 7. Nc3 Nf6 8.
Bg5 e5 9. Qd3 h6 10. Bxf6 Qxf6 11. Nd5 Qd8 12. O-O-O Qa5 13. b4 Qd8 14. b5 Bxd5
15. Qxd5 Qc7 16. Rd2 Be7 17. Kd1 a6 18. Ke2 O-O 19. Rc1 axb5 20. Qxb5 Rxa2 21.
Kd1 Rfa8 22. h4 R2a5 23. Qb3 Qc6 24. Qd3 Ra4 25. Re2 Bxh4 26. Ke1 Bd8 27. Kf1
Ra1 28. Ree1 Rxc1 29. Rxc1 Qa6 30. Qxa6 Rxa6 31. Rd1 Bc7 32. Rb1 Rb6 33. Ra1 Ra6
34. Rb1 Rc6 35. Rb2 Ba5 36. Ke2 b6 37. Nd2 Bxd2 38. Kxd2 h5 39. Ra2 g6 40. c3
Kg7 41. Ra7 Kf6 42. Kc2 Ke6 43. Kb3 f5 44. exf5+ Kxf5 45. Kb4 Ke4 46. Rg7 Kf5
47. c4 h4 48. Rb7 Ke4 49. Rg7 Kd4 50. Kb5 Rxc4 51. Kxb6 Rc2 52. Rxg6 Rxf2 53.
Rxd6+ Ke3 54. Rg6 Rc2 55. Rg4 e4 56. Kb5 Kd3 57. Rg3+ hxg3 0-1

[Event "OGOLNOPOLSKA OLIMPIADA MLODZIEZY<br/>MISTRZOSTWA POLSKI JUNIOROW 2016 - C12"]
[Site "Olecko"]
[Date "2016-05-07"]
[Round "6.18"]
[White "Jaszczuk, Hubert"]
[Black "Skawinski, Szymon"]
[Result "1-0"]
[WhiteTitle "II+"]
[BlackTitle "II"]
[WhiteElo "1545"]
[BlackElo "1348"]

1. e4 e5 2. Nf3 Nc6 3. Bb5 a6 4. Bxc6 dxc6 5. O-O Bg4 6. h3 h5 7. d3 Qf6 8. Nbd2
Bd6 9. Re1 Ne7 10. hxg4 hxg4 11. Nh2 Rxh2 12. Kxh2 Qxf2 13. Nc4 Kd7 14. Qxg4+
f5 15. Qh3 Qxe1 16. exf5 Ke8 17. Bg5 Qxa1 18. Qh8+ Kf7 19. Qxa8 Qd1 20. Nxd6+
cxd6 21. Bxe7 Kxe7 22. Qxb7+ Kf6 23. Qxc6 Kxf5 24. Qe4+ Kf6 25. Qf3+ Qxf3 26.
gxf3 Ke6 27. c4 a5 28. a3 a4 29. Kg2 d5 30. cxd5+ Kxd5 31. Kf2 Kc5 32. Ke2 Kd4
33. Kd2 g5 34. Ke2 Kc5 35. Kd1 Kd5 36. Kc2 Kd4 37. Kd2 Kc5 38. Kc3 Kb5 39. d4
e4 40. fxe4 g4 41. Kd3 g3 42. Ke3 Kc4 43. d5 Kb3 44. d6 Kxb2 45. d7 Kxa3 46. d8=Q
Ka2 47. Qa8 a3 48. e5 1-0

[Event "OGOLNOPOLSKA OLIMPIADA MLODZIEZY<br/>MISTRZOSTWA POLSKI JUNIOROW 2016 - C12"]
[Site "Olecko"]
[Date "2016-05-07"]
[Round "6.19"]
[White "Gazik, Jakub"]
[Black "Bien, Hubert"]
[Result "0-1"]
[WhiteTitle "II"]
[BlackTitle "II"]
[WhiteElo "1665"]
[BlackElo "1402"]

1. e4 e6 2. d3 d5 3. Nd2 c5 4. Ngf3 Nc6 5. g3 Bd6 6. Bg2 Nge7 7. O-O O-O 8. Re1
Qc7 9. Nf1 Bd7 10. Qe2 Ng6 11. h4 d4 12. N1h2 e5 13. g4 Rae8 14. h5 Nf4 15. Bxf4
exf4 16. g5 f6 17. g6 h6 18. Qd2 Qc8 19. Qd1 Ne5 20. Nxe5 Rxe5 21. Qf3 Rg5 22.
Kh1 Re8 23. Qd1 Bg4 24. Bf3 Bxf3+ 25. Qxf3 Ree5 26. Rg1 Rxh5 27. Rg2 Rh3 28. Qd1
Reh5 29. f3 Rg3 30. Qe2 Qh3 31. Rf1 Rxg2 32. Qxg2 Qxg2+ 33. Kxg2 Rg5+ 34. Kf2
Rxg6 35. Rh1 h5 36. Nf1 Rh6 37. Kg2 g5 38. Nh2 Kg7 39. Kg1 Kg6 40. Kg2 a6 41.
b3 Rh7 42. Rg1 Rg7 43. Kh3 f5 44. exf5+ Kxf5 45. a4 Re7 46. Rg2 Rh7 47. Rg1 g4+
48. Kg2 g3 49. Nf1 Re7 50. Kh3 Re2 0-1

[Event "OGOLNOPOLSKA OLIMPIADA MLODZIEZY<br/>MISTRZOSTWA POLSKI JUNIOROW 2016 - C12"]
[Site "Olecko"]
[Date "2016-05-07"]
[Round "6.20"]
[White "Wojtasik, Szymon"]
[Black "Swiech, Lukasz"]
[Result "0-1"]
[WhiteTitle "II"]
[BlackTitle "II"]
[WhiteElo "1151"]
[BlackElo "1295"]

1. e4 c5 2. c3 Nc6 3. d4 cxd4 4. cxd4 d6 5. d5 Ne5 6. Nc3 Nf6 7. f4 Ned7 8. Nf3
Nb6 9. Bd3 a6 10. O-O e6 11. Re1 Be7 12. Qb3 exd5 13. exd5 O-O 14. Be3 Nbd7 15.
Rac1 Ng4 16. Bd4 Bf6 17. Bxf6 Ngxf6 18. Nd4 Nc5 19. Qc2 h6 20. Re2 Bg4 21. Re3
Re8 22. Rce1 Qd7 23. Bf5 Bxf5 24. Qxf5 Rxe3 25. Rxe3 Qc7 26. Qc2 Qb6 27. Qd2 Qa5
28. a3 Ncd7 29. Nf5 Qb6 30. Kh1 Qc5 31. b4 Qc4 32. Qd3 Qxf4 33. g3 Qf2 34. Nd1
Qa2 35. Re2 Qa1 36. Nxd6 Nb6 37. Nxb7 Nbxd5 38. Nc5 Nc3 39. Qxc3 Qxd1+ 40. Qe1
Qd5+ 41. Kg1 a5 42. Re5 Qd4+ 43. Qe3 Qa1+ 44. Qe1 Qxa3 45. bxa5 Rxa5 46. Nd7 Rxe5
47. Nxe5 Qc5+ 48. Kh1 Qc2 49. Kg1 Ne4 50. Nf3 Qc5+ 51. Kh1 Qc6 52. Kg2 Ng5 53.
Qe2 Nxf3 54. Qxf3 Qxf3+ 55. Kxf3 Kh7 56. Kf4 Kg6 57. h3 Kf6 58. h4 g5+ 59. hxg5+
hxg5+ 60. Kg4 Kg6 61. Kf3 Kf5 62. Kf2 Ke4 63. Ke2 g4 64. Kf2 Kd3 65. Kg1 Ke2 66.
Kg2 f6 67. Kh1 Kf1 68. Kh2 Kf2 69. Kh1 Kxg3 70. Kg1 f5 71. Kh1 Kf2 72. Kh2 g3+
73. Kh1 g2+ 74. Kh2 g1=Q+ 75. Kh3 Qg3# 0-1

[Event "OGOLNOPOLSKA OLIMPIADA MLODZIEZY<br/>MISTRZOSTWA POLSKI JUNIOROW 2016 - C12"]
[Site "Olecko"]
[Date "2016-05-07"]
[Round "6.21"]
[White "Szatkowski, Pawel"]
[Black "Paprocki, Stanislaw"]
[Result "1/2-1/2"]
[WhiteTitle "II"]
[BlackTitle "II"]
[WhiteElo "1422"]
[BlackElo "1612"]

1. c4 Nf6 2. g3 g6 3. Nc3 Bg7 4. Bg2 c6 5. e4 d6 6. Nf3 Nbd7 7. d3 Qc7 8. O-O O-O
9. Rb1 a5 10. a3 Ng4 11. Ne2 Nde5 12. Nxe5 Nxe5 13. h3 b6 14. b4 axb4 15. axb4
Nd7 16. Bb2 Bb7 17. Bxg7 Kxg7 18. Qc2 Ra7 19. Nd4 e5 20. Ne2 Rfa8 21. f4 Qd8 22.
f5 f6 23. Nc3 Nb8 24. Rb2 Nd7 25. Ra2 Qb8 26. Rfa1 Kf7 27. Rxa7 Rxa7 28. Rxa7
Qxa7 29. fxg6+ hxg6 30. Qa2 Qxa2 31. Nxa2 Ba6 32. Nc3 b5 33. cxb5 Bxb5 34. Bf1
Nb8 35. Kf2 Na6 36. Na2 f5 37. exf5 gxf5 38. Be2 Kg6 39. h4 Nc7 40. Ke3 Nd5+ 41.
Kf3 Ba4 42. g4 fxg4+ 43. Kxg4 Bb3 44. Nc1 Bc2 45. h5+ Kh6 46. Kf5 Nxb4 47. Ke6
Nd5 48. Kxd6 Nf4 49. Bf1 Kxh5 1/2-1/2

[Event "OGOLNOPOLSKA OLIMPIADA MLODZIEZY<br/>MISTRZOSTWA POLSKI JUNIOROW 2016 - C12"]
[Site "Olecko"]
[Date "2016-05-07"]
[Round "6.22"]
[White "Wysocki, Mateusz"]
[Black "Chudzik, Jakub"]
[Result "1/2-1/2"]
[WhiteTitle "II"]
[BlackTitle "II+"]
[WhiteElo "1469"]
[BlackElo "1388"]

1. e4 c5 2. Nf3 d6 3. c3 Nf6 4. Be2 g6 5. O-O Bg7 6. Bb5+ Bd7 7. Bxd7+ Nbxd7 8.
Re1 O-O 9. d4 cxd4 10. cxd4 Qc7 11. Nc3 a6 12. Bg5 Rfe8 13. Rc1 Rad8 14. Qd2 e5
15. Nd5 Qb8 16. Bxf6 Nxf6 17. Nxf6+ Bxf6 18. d5 Bg7 19. Rc4 Rc8 20. Rec1 Rxc4
21. Rxc4 Rc8 22. Qc2 Rxc4 23. Qxc4 Qd8 24. b4 Qd7 25. h3 Bf6 26. Nd2 Bd8 27. Qb3
b5 28. Qc2 Qc7 29. Qxc7 Bxc7 30. Kf1 Kf8 31. Ke2 Ke7 32. Nb3 f5 33. f3 f4 34.
Kd3 Bb6 35. Nd2 a5 36. bxa5 Bxa5 37. Nb3 Bb4 38. Nc1 Kd7 39. Kc2 Kc7 40. Kb3 Bc5
41. Nd3 Kb6 42. Nb4 Bxb4 43. Kxb4 g5 44. a3 h5 45. a4 bxa4 46. Kxa4 h4 47. Kb4
1/2-1/2

[Event "OGOLNOPOLSKA OLIMPIADA MLODZIEZY<br/>MISTRZOSTWA POLSKI JUNIOROW 2016 - C12"]
[Site "Olecko"]
[Date "2016-05-07"]
[Round "6.23"]
[White "Popadowski, Wojciech"]
[Black "Skorupka, Arkadiusz"]
[Result "1/2-1/2"]
[WhiteTitle "II"]
[BlackTitle "III"]
[WhiteElo "1393"]
[BlackElo "1180"]

1. e4 e6 2. Nf3 d5 3. Nc3 c5 4. d4 Nc6 5. exd5 exd5 6. dxc5 d4 7. Ne4 Qd5 8. Nd6+
Bxd6 9. cxd6 Qxd6 10. Be2 Nf6 11. c3 O-O 12. cxd4 Rd8 13. O-O Nxd4 14. Nxd4 Qxd4
15. Qxd4 Rxd4 16. Be3 Rd6 17. Rad1 Rxd1 18. Rxd1 Be6 19. Bf3 h6 20. a3 Bb3 21.
Rd3 Bc2 22. Rd2 Be4 23. Bxe4 Nxe4 24. Rc2 Rd8 25. h3 b6 26. Rc7 Rd1+ 27. Kh2 Rb1
28. Rxa7 Rxb2 29. Rb7 Nxf2 30. Rxb6 Ra2 31. Bxf2 Rxf2 32. a4 Ra2 33. Rb8+ Kh7
34. Ra8 Kg6 35. a5 Kf6 36. a6 g5 37. a7 Kf5 38. Kg1 Kf4 39. Kh2 f5 40. Rh8 Rxa7
41. Rxh6 g4 42. hxg4 Kxg4 43. Rh3 f4 44. Rf3 Rh7+ 45. Kg1 Ra7 46. Kh2 Rh7+ 47.
Kg1 Ra7 48. Kh2 Ra1 49. Rh3 Rf1 50. Rh8 f3 1/2-1/2

[Event "OGOLNOPOLSKA OLIMPIADA MLODZIEZY<br/>MISTRZOSTWA POLSKI JUNIOROW 2016 - C12"]
[Site "Olecko"]
[Date "2016-05-07"]
[Round "7.1"]
[White "Oglaza, Oskar"]
[Black "Grzesik, Gracjan"]
[Result "1-0"]
[WhiteTitle "k"]
[BlackTitle "I"]
[WhiteElo "2132"]
[BlackElo "1748"]

1. e4 c5 2. Nf3 d6 3. d4 cxd4 4. Nxd4 Nf6 5. Nc3 a6 6. h3 e5 7. Nde2 b5 8. Bg5
Nbd7 9. Nd5 Bb7 10. Nec3 Be7 11. Bxf6 Nxf6 12. a4 b4 13. Nxf6+ Bxf6 14. Nd5 Bxd5
15. Qxd5 O-O 16. Bc4 a5 17. O-O-O Be7 18. g3 Qb6 19. Rhf1 Rac8 20. b3 Rc5 21.
Qd3 Rd8 22. Kb1 Rc7 23. f4 exf4 24. Rxf4 Bf6 25. Rdf1 Rdd7 26. Rf5 Be5 27. Qd5
Rxc4 28. Rxf7 h6 29. Rxd7+ Kh7 30. Qxc4 Qe3 31. Qf7 Qxe4 32. Qf5+ Qxf5 33. Rxf5
Bxg3 34. Rxa5 Be5 35. Rxe5 dxe5 36. Re7 Kg6 37. Rxe5 Kf6 38. Re3 g5 39. a5 h5
40. a6 g4 41. hxg4 hxg4 42. a7 g3 43. a8=Q g2 44. Qf8+ 1-0

[Event "OGOLNOPOLSKA OLIMPIADA MLODZIEZY<br/>MISTRZOSTWA POLSKI JUNIOROW 2016 - C12"]
[Site "Olecko"]
[Date "2016-05-07"]
[Round "7.2"]
[White "Suder, Jakub"]
[Black "Czopor, Maciej"]
[Result "0-1"]
[WhiteTitle "I"]
[BlackTitle "I+"]
[WhiteElo "1763"]
[BlackElo "1980"]

1. d4 Nf6 2. c4 e6 3. Nc3 Bb4 4. Nf3 d5 5. Bg5 O-O 6. e3 h6 7. Bh4 g5 8. Bg3 Ne4
9. Qc2 c5 10. Bd3 f5 11. O-O cxd4 12. exd4 Bxc3 13. bxc3 f4 14. Bxe4 dxe4 15.
Qxe4 Qf6 16. Ne5 Qf5 17. Qxf5 Rxf5 18. h4 fxg3 19. fxg3 Nc6 20. Nd3 Rxf1+ 21.
Rxf1 b6 22. d5 Nd8 23. Ne5 Kg7 24. h5 exd5 25. cxd5 Ba6 26. Rf3 Rc8 27. d6 Rc5
28. Re3 Rd5 29. Ng6 Rxd6 30. Re7+ Kf6 31. Rxa7 Be2 32. Nf8 Bxh5 33. a4 Be8 34.
Rh7 Nf7 0-1

[Event "OGOLNOPOLSKA OLIMPIADA MLODZIEZY<br/>MISTRZOSTWA POLSKI JUNIOROW 2016 - C12"]
[Site "Olecko"]
[Date "2016-05-07"]
[Round "7.3"]
[White "Sieczkowski, Adam"]
[Black "Czernek, Tymon"]
[Result "0-1"]
[WhiteTitle "II"]
[BlackTitle "I"]
[WhiteElo "1494"]
[BlackElo "1895"]

1. Nf3 Nc6 2. d4 d5 3. g3 Nf6 4. Bg2 Bf5 5. O-O Qd7 6. c4 dxc4 7. Ne5 Nxe5 8. dxe5
O-O-O 9. Qxd7+ Nxd7 10. Bf4 h6 11. h4 e6 12. Rc1 Be7 13. Rxc4 g5 14. hxg5 hxg5
15. e4 Bg4 16. Be3 Nxe5 17. Rc1 Nd3 18. Rc2 Nb4 19. Rc1 Nc2 20. Rxc2 Rd1+ 21.
Bf1 Bf3 22. Rxc7+ Kxc7 0-1

[Event "OGOLNOPOLSKA OLIMPIADA MLODZIEZY<br/>MISTRZOSTWA POLSKI JUNIOROW 2016 - C12"]
[Site "Olecko"]
[Date "2016-05-07"]
[Round "7.4"]
[White "Luczak, Filip"]
[Black "Dzida, Kamil"]
[Result "1/2-1/2"]
[WhiteTitle "I"]
[BlackTitle "I"]
[WhiteElo "1662"]
[BlackElo "1838"]

1. Nf3 d5 2. g3 Nf6 3. d4 e6 4. Bg2 Be7 5. O-O O-O 6. c4 dxc4 7. Ne5 c5 8. dxc5
Bxc5 9. Nxc4 Nbd7 10. Nc3 Nb6 11. Nxb6 Bxb6 12. Bf4 Re8 13. Qxd8 Rxd8 14. Rfd1
Kf8 15. Bd6+ Ke8 16. Nb5 a6 17. Nc7+ Bxc7 18. Bxc7 Rd7 19. Ba5 Nd5 20. Rd3 Rb8
21. Rad1 Nf6 22. Rxd7 Bxd7 23. Bc3 Bc6 24. Bxc6+ bxc6 25. Bxf6 gxf6 26. Rd2 Ke7
27. Kf1 Rb5 28. e3 Ra5 29. a3 Rc5 30. Ke2 e5 31. Kd3 Kd6 32. b4 Rd5+ 33. Kc3 Rxd2
34. Kxd2 Kd5 35. Kd3 e4+ 36. Kc3 f5 37. Kb3 c5 38. bxc5 Kxc5 39. a4 h6 40. Kc3
h5 41. h3 f6 42. h4 a5 43. Kb3 Kd5 1/2-1/2

[Event "OGOLNOPOLSKA OLIMPIADA MLODZIEZY<br/>MISTRZOSTWA POLSKI JUNIOROW 2016 - C12"]
[Site "Olecko"]
[Date "2016-05-07"]
[Round "7.5"]
[White "Mechlinski, Jakub"]
[Black "Majewski, Krzysztof"]
[Result "1-0"]
[WhiteTitle "II+"]
[BlackTitle "II"]
[WhiteElo "1805"]
[BlackElo "1492"]

1. e4 c5 2. Nf3 Nc6 3. Bb5 a6 4. Bxc6 bxc6 5. O-O e6 6. e5 Ne7 7. c4 Nf5 8. Nc3
Be7 9. d4 cxd4 10. Nxd4 Nxd4 11. Qxd4 O-O 12. Rd1 f6 13. Bf4 f5 14. Bg3 g5 15.
f4 g4 16. c5 Rb8 17. b4 a5 18. a3 Qc7 19. Na4 Rb7 20. h3 h5 21. hxg4 hxg4 22.
Kf2 Ra7 23. Rh1 axb4 24. axb4 Rd8 25. Rh5 Ba6 26. Qd1 Rf8 27. Qh1 Kf7 28. Rh7+
Ke8 29. Qh5+ Kd8 30. Rxe7 Bb5 31. Bh4 Kc8 32. Nb6+ Kb8 33. Rxa7 Qxa7 34. Nxd7+
Ka8 35. Nb6+ 1-0